The Charter of Rights and Freedoms

Detalles Bibliográficos
Autor principal: Sharpe, Robert J.
Otros Autores: Roach, Kent
Formato: eBook
Lenguaje:inglés
Publicado: Toronto: Irwin Law Inc., 2021
Edición:Sexta Edicin̤
Materias:
Acceso en línea:Acceso restringido

MARC

LEADER 00000nam a22000007a 4500
005 20210805135534.0
007 cr|||| ||||
008 210805s2021 ca |||||s|||| 00||0 eng d
020 |a 978-1-55221-447-3 
035 |a 34957 
040 |a vLex 
090 |c 11921  |d 11921 
100 1 |a Sharpe, Robert J. 
245 1 3 |a The Charter of Rights and Freedoms  |h [Recurso electrn̤ico] /  |c Robert J. Sharpe, Kent Roach 
250 |a Sexta Edicin̤ 
256 |a Servicio en ln̕ea 
260 |a Toronto:  |b Irwin Law Inc.,  |c 2021 
300 |a 1 recurso electrn̤ico 
500 |a The Charter of Rights and Freedoms, 7e, provides an accessible yet thorough account of the constitutional protection and practical application of rights under the Canadian Charter. This seventh edition includes, for the first time, an analysis of the protection of Aboriginal and Treaty rights. Among the important recent cases discussed and comprehensively explored are Conseil scolaire francophone de la Colombie-Britannique (refusing to accept that controlling the cost of the right to minority-language education would justify limiting right under section 1); the Frank decision (striking down the disenfranchisement of Canadian citizens living abroad); and an important new remedies case, Ontario (Attorney General) v G (affecting suspended declarations of invalidity and applicable exemptions). Recent developments in the section 2(b) right to freedom of religion include the Ktunaxa Nation decision rejecting an Indigenous group’s claim that a development project would infringe their right to freedom of religion, and the Trinity Western decisions dealing with a religiously motivated covenant that discriminated against prospective LGBTQ2S+ law students. Also discussed are the developments in freedom of expression, including election spending and journalists being required to reveal their sources; the important role played by the Charter in the criminal process, including the Boudreault decision, extending the protection against cruel and unusual punishment; and equality rights, including decisions on pay equity and the Fraser case, dealing with pension benefits for women. 
506 1 |a Disponible solo en los productos indicados  |d vLex Global  |d vLex Global (Academic Edition, excluding Law Schools)  |d vLex Global (U.S. Academic Edition, Law Schools)  |d vLex Global (U.S. Academic Edition, excluding Law Schools)  |d vLex Global (Academic Edition, Law Schools) 
650 0 4 |a Derecho Civil  |z Canad̀ 
650 0 4 |a Derecho Constitucional  |z Canad̀ 
700 1 |a Roach, Kent 
740 0 |a vLex Libros (Servicio en ln̕ea) 
856 4 0 |u https://app.vlex.com/#/sources/34957  |z Acceso restringido 
942 |c BOOK 
999 0 |a Civil Law 
999 0 |a Constitutional Law